000 00910cam a22002651 4500
001 e 48000013
003 DLC
005 20260227111233.0
008 831208s1947 kyu s000 0 eng c
010 _ae 48000013
035 _a(OCoLC)10202438
040 _aU.S. Office of Education. Library
_cDNIE
_dDLC
042 _apremarc
043 _an-us-ky
050 0 0 _aL152
_b.B35 vol. 15, no. 3
082 _a371.7322
110 1 _aKentucky.
_bState Teachers College (Morehead).
245 1 0 _aGetting the health and physical education program under way in the elementary school.
260 _aFrankfort,
_c1947.
300 _a[67]-165 p.
_c23 cm.
490 1 _aKentucky. Dept. of Education. Educational bulletin,
_vv. 15, no. 3
500 _aCover title.
650 0 _aPhysical education and training
_zKentucky.
810 1 0 _aKentucky.
_bDepartment of Education.
_tEducational bulletin,
_vv. 15, no. 3.
999 _c22077
_d22077